Cuentos para el andén. (Record no. 180068)

MARC details
000 -LEADER
campo de control de longitud fija 00801nas a2200253 i 4500
001 - NÚMERO DE CONTROL
campo de control 180068
003 - IDENTIFICADOR DE NÚMERO DE CONTROL
campo de control ES-MaACL
005 - FECHA Y HORA DE LA ÚLTIMA TRANSACCIÓN
campo de control 20250217134904.0
008 - DATOS DE LONGITUD FIJA--INFORMACIÓN GENERAL
campo de control de longitud fija 120411d20112013sp m| p o| ||pa d
080 ## - NÚMERO DE LA CLASIFICACIÓN DECIMAL UNIVERSAL
Número de la Clasificación Decimal Universal (051)
080 ## - NÚMERO DE LA CLASIFICACIÓN DECIMAL UNIVERSAL
Número de la Clasificación Decimal Universal 82-32
245 00 - MENCIÓN DEL TÍTULO
Título Cuentos para el andén.
260 ## - PUBLICACIÓN, DISTRIBUCIÓN, ETC.
Lugar de publicación, distribución, etc. Madrid :
Nombre del editor, distribuidor, etc. Grupo Andén Comunicación,
Fecha de publicación, distribución, etc. 2011-2013.
300 ## - DESCRIPCIÓN FÍSICA
Extensión 13 v. :
Otras características físicas il. col. y n. ;
Dimensiones 20 cm.
310 ## - PERIODICIDAD ACTUAL
Periodicidad actual Mensual
362 0# - FECHAS DE PUBLICACIÓN Y/O DESIGNACIÓN SECUENCIAL
Fecha de publicación y/o designación secuencial N. 1 (nov. 2011)-n. 13 (feb. 2013)
515 ## - NOTA DE PECULIARIDADES DE LA NUMERACIÓN
Nota de peculiaridades de la numeración N. dobles en vacaciones (dic.-en. y jul.-ag.)
594 ## - Nota al título y mención de responsabilidad
Nota al título y mención de responsabilidad Título tomado de cub.
596 ## - NOTA AL PIE DE IMPRENTA
NOTA AL PIE DE IMPRENTA Colaboran, en n. 1: Plan de Fomento de la Lectura, Comunidad de Madrid, Ateneo de Madrid...
650 #7 - PUNTO DE ACCESO ADICIONAL DE MATERIA--TÉRMINO DE MATERIA
Término de materia o nombre geográfico como elemento de entrada Cuentos
Fuente del encabezamiento o término embne
9 (RLIN) 175847
852 4# - LOCALIZACIÓN
Ubicación ES-MaACL
Número de control de estantería 2315-F-13-25
866 #0 - MENCIÓN TEXTUAL DE FONDOS--UNIDAD BIBLIOGRÁFICA BÁSICA
Fondos 2011-2013
Holdings
Estatus retirado Estado de pérdida Estado de daño No para préstamo Colección Biblioteca de origen Biblioteca actual Ubicación en estantería Fecha de adquisición Fuente de adquisición Total de préstamos Signatura topográfica completa Código de barras Visto por última vez Precio de reemplazo Tipo de ítem Koha
        Colección de folletos Biblioteca del Ateneo de Madrid Biblioteca del Ateneo de Madrid Depósito folletos 11/04/2012     2315-F-13-25 1189195 23/02/2023 23/02/2023 Folleto